La Rolex Oyster

שמור ב:
מידע ביבליוגרפי
פורמט: ספר
שפה:Undetermined
יצא לאור: Geneve Montres Rolex
נושאים:
תגים: הוספת תג
אין תגיות, היה/י הראשונ/ה לתייג את הרשומה!
Thư viện lưu trữ: Trung tâm Học liệu Trường Đại học Cần Thơ
LEADER 00433nam a2200169Ia 4500
001 CTU_106941
008 210402s9999 xx 000 0 und d
082 |a 608.079 
082 |b R745 
245 0 |a La Rolex Oyster 
260 |a Geneve 
260 |b Montres Rolex 
650 |a Inventions,Science 
650 |x Awards,History,Awards 
650 |y History 
904 |i Truc 
980 |a Trung tâm Học liệu Trường Đại học Cần Thơ